00550nam a2200241Ia 450000500170000000800460001702000180006303700100008104000080009104000080009904000080010704100080011504100080012308400080013110000170013924500210015624500330017726000230021026000090023336500050024236500080024785600530025520260324125830.0008 260324s9999 xx 000 0 eng d a9780429119392 aEBOOK aCRL beng cCRL 2eng aeng qCRL aGilbert Held 0aCarrier Ethernet 0bProviding the Need for Speed bTaylor and Francis c2008 a b210 uhttp://www.taylorfrancis.com/books/9780429119392